000 00548nam a2200193Ia 4500
003 OSt
005 20241008125816.0
008 210210b1994 xxu||||| |||| 00| 0 eng d
040 _cAL
041 _aKannada
082 _aK894.2 GONC
100 _aGONAVARA KISHANRAV.
_dಗೋನವರ ಕಿಶನ್ ರಾವ್
_9181807
245 _aChuk chuk bhayya.
_bಚುಕ್ ಚುಕ್ ಭಯ್ಯಾ.
260 _aSagara
_bAkshara Prakashana
_c1994
300 _a39
690 _aKannada Drama
_9181808
906 _a051751
942 _2ddc
_cBK
999 _c100025
_d100025